1276 1585 1318 1708 1395 1699 1417 1117 1168 1666 1269 1984 1561 1960 1018 1277 1590 1726 1124 1912 1280 1195 1130 1030 1973 1981 1414 1283 1472 1348 1168 1785 1487 1667 1945 1130 1188 1922 1638 1618 1649 1852 1562 1037 1378 1525 1010 1304 1821 1109 1549 1991 1564 1057 1864 1812 1273 1575 1799 1871 1998 1723 1705 1507 1999 1291 1855 1285 1193 1620 1018 1569 1094 1128 1756 1069 1394 1763 1820 1625 1885 1366 1197 1157 1995 1447 1207 1304 1159 1194 1431 1669 1056 1924 1701 1694 1465 1324 1712 BCNSPRNW ULIB Ver.6.0+V

เปลี่ยนเป็นภาษาไทย

Change to English
 แสดงรายละเอียดบรรณานุกรม
  กลับหน้าหลัก

Brief Record : Get Marc (ISO 2709) : E-mail record : QR code < ปิดหน้าต่าง
LEADER : 00000nam 2200000uu 4500
001    13399123365
003     ULIB
008    140827s2541||||th 000 0 tha d
099    วพ WY100^bส222บ
100 0  สมจิตรา กิตติมานนท์, ชณพรรธน์ ชิณณะพงศ์, พรสวรรค์ จันทร์บุญนาค, วิมล หนูเกื้อ และศุภชัย สุนทรา
245 00 บทบาทของพยาบาลวิชาชีพในโรงพยาบาลสวรรค์ประชารักษ์ : ศึกษาความสัมพันธืและเปรียบเทียบระหว่างบทบาทที่คาดหวังกับบทบาทที่ปฏิบัติจริง /^cสมจิตรา กิตติมานนท์, ชณพรรธน์ ชิณณะพงศ์, พรสวรรค์ จันทร์บุญนาค, วิมล หนูเกื้อ และศุภชัย สุนทรา
260    พิษณุโลก:^bมหาวิทยาลัยนเรศวร,^c2541
502    การศึกษาค้นคว้าอิสระ (ศษ.ม.)สาขาวิชาการบริหารการศึกษา,2541
650  0 บทบาทของพยาบาลวิชาชีพ
700 0  ชณพรรธน์ ชิณณะพงศ์
700 0  พรสวรรค์ จันทร์บุญนาค
700 0  วิมล หนูเกื้อ
700 0  ศุภชัย สุนทรา
945    ^p0^l0^i009550
999    ^aเกษร โพธิ์สุวรรณ
รายการนี้ยังไม่มีแท็ก
คุณยังไม่ได้ล็อกอิน คุณสามารถมีกิจกรรมร่วมกับเว็บไซต์ได้ แต่ต้องล็อกอินก่อน ::
  ล็อกอิน

รายการสื่อสารสนเทศ

ลำดับที่ ประเภท เลขเรียก/บาร์โค้ด สถานที่ สถานะ
1. วิทยานิพนธ์
วิทยานิพนธ์
วพ WY100 ส222บ ฉ.1 
  Barcode: 009550
ห้องสมุดวิทยาเขตสวรรค์ประชารักษ์
► วิทยานิพนธ์
บนชั้น

BibComment


ยังไม่เคยถูกคอมเมนท์

คอมเมนท์ทรัพยากรรายการนี้
  คอมเมนท์: บทบาทของพยาบาลวิช..


 Copyright 2026. Bcnsprnw @Library